チェス: 食われないようにしよう #1 - Sudden Death - Statistics

General Stats
  • This quiz has been taken 278 times
  • The average score is 5 of 15
Answers on the Grid
Answers color-coded by a green-red scale on the quiz's grid according to % correct below.
 
Answer Stats
Answer % Correct
53%
38%
37%
35%
34%
34%
33%
33%
32%
31%
29%
25%
24%
24%
21%
No matching quizzes found
Score Distribution
Percent of People with Each Score
Percentile by Number Answered
Your Score History
You have not taken this quiz